000 00865nam a2200253Ia 4500
003 OSt
005 20221005112714.0
006 a|||||r|||| 00| 0
007 ta
008 221004b |||||||| |||| 00| 0 pan d
020 _a9788182991811 (hbk)
_c395
024 _a11503
037 _b823, 13/03/2014, H.K. Prakashan
_cTextual
040 _aCRL
_cCRL
_bpan
041 _2pan
_apan
082 _aU8, 153P9
100 _aਭੁੱਲਰ, ਗੁਰਬਚਨ ਸਿੰਘ
245 0 _aਇਕ ਅਮਰੀਕਾ ਇਹ ਵੀ
260 _aਦਿੱਲੀ
_bਆਰਸੀ ਪਬਲਿFਰਗ਼ ਭਾਰਤ
_c2009
300 _a344ਪੰ
_ccm.
650 _aਪੰਜਾਬੀ ਸਾਹਿਤ
942 _hU8, 153P9
_cTEXL
_2cc
999 _c1025709
_d1025709